000 00931nam a22002057a 4500
008 230515s1988 ag ||||| |||| 00| 0 spa d
110 2 _aBiblioteca del Congreso de la Nación.
_bDirección de Referencia Legislativa
245 1 0 _aAntecedentes; Documentos y Textos que versan sobre Cuestiones Limítrofes Argentino-Chilenas, en Particular acerca de las suscitadas en la Zona Austral y especialmente en cuanto al Canal de Beagle /
_cBiblioteca del Congreso de la Nación. Dirección de Referencia Legislativa.
260 _aBuenos Aires :
_bTalleres de la Imprenta del Congreso,
_c1988.
300 _a694 páginas
505 0 _aAntecedentes / Documentos y textos que versan sobre cuestiones limítrofes Argentino-Chilenas, [...]
942 _cLIBRO
003 AR-BaAGN
005 20230517143946.0
007 ta
040 _aAR-BaAGN
_bspa
_eaacr
336 _2rdacontent
_btxt
337 _2rdamedia
_bn
338 _2rdacarrier
_bnc
999 _c48013
_d48013